Reinstatement cost assessments of buildings (Record no. 112285)

MARC details
000 -LEADER
fixed length control field 01426cad a22002775a 4500
001 - CONTROL NUMBER
control field E152943
008 - FIXED-LENGTH DATA ELEMENTS--GENERAL INFORMATION
fixed length control field 110517s2011 xxk 000 0 eng u
020 ## - INTERNATIONAL STANDARD BOOK NUMBER
International Standard Book Number 9781842196656
035 ## - SYSTEM CONTROL NUMBER
System control number (Sirsi) u152943
041 0# - LANGUAGE CODE
Language code of text/sound track or separate title eng
050 04 - LIBRARY OF CONGRESS CALL NUMBER
Classification number 368.1 $2 18
110 2# - MAIN ENTRY--CORPORATE NAME
Corporate name or jurisdiction name as entry element Royal Institution of Chartered Surveyors
9 (RLIN) 4900
245 00 - TITLE STATEMENT
Title Reinstatement cost assessments of buildings
Medium [electronic resource]
250 ## - EDITION STATEMENT
Edition statement 2nd ed.
260 ## - PUBLICATION, DISTRIBUTION, ETC.
Place of publication, distribution, etc. Coventry
Name of publisher, distributor, etc. RICS
Date of publication, distribution, etc. 2011
300 ## - PHYSICAL DESCRIPTION
Extent 23p.
Dimensions 30cm.
490 #0 - SERIES STATEMENT
Series statement RICS Guidance Note
Volume/sequential designation (GN 4/2011)
520 ## - SUMMARY, ETC.
Summary, etc. Introduces an element of uniformity in the approach to assessments for building insurance purposes. Identifies the steps that need to be taken in accepting an introduction and includes detailed guidance on the procedures which need to be followed, the nature and extent of information to be collated, the manner of processing this information and the way the assessment should be calculated.
520 ## - SUMMARY, ETC.
Summary, etc. Superseded by third edition (ISBN 9781783212224), June 2018.
590 ## - LOCAL NOTE (RLIN)
Local note KA
651 #4 - SUBJECT ADDED ENTRY--GEOGRAPHIC NAME
Geographic name United Kingdom
Chronological subdivision
690 ## - LOCAL SUBJECT ADDED ENTRY--TOPICAL TERM (OCLC, RLIN)
Topical term or geographic name as entry element PROPERTY-PROPERTY VALUATION AND APPRAISAL-INSURANCE VALUATION-PROPERTY INSURANCE ASSESSMENT-REINSTATEMENT COST ASSESSMENT
856 41 - ELECTRONIC LOCATION AND ACCESS
Uniform Resource Identifier <a href="https://www.rics.org/Global/Downloads/Reinstatement_cost_assessments_of_buildings_2nd_edition_PGguidance_2011.pdf">https://www.rics.org/Global/Downloads/Reinstatement_cost_assessments_of_buildings_2nd_edition_PGguidance_2011.pdf</a>
Public note View the guidance free of charge (members only) at www.rics.org
942 ## - ADDED ENTRY ELEMENTS (KOHA)
Suppress in OPAC 0
Holdings
Withdrawn status Lost status Source of classification or shelving scheme Damaged status Not for loan Home library Current library Shelving location Date acquired Total Checkouts Full call number Barcode Date last seen Copy number Price effective from Koha item type
    Dewey Decimal Classification     London London RICS Boxes 17/05/2011   RICS 2011/12 30075629 06/08/2019 1 06/08/2019 Archive
    Dewey Decimal Classification     London London RICS Boxes 06/06/2011   RICS 2011/12 30076596 06/08/2019 2 06/08/2019 Reference material
    Dewey Decimal Classification     London London RICS Boxes 06/06/2011   RICS 2011/12 30076597 06/08/2019 3 06/08/2019 Book
    Dewey Decimal Classification     Virtual Virtual Online 17/05/2011   ONLINE PUBLICATION 152943-3001 06/08/2019 1 06/08/2019 Book